[Event "Barcelona Chavarria Memorial 2nd"]
[Site "Barcelona"]
[Date "2013.10.23"]
[Round "2"]
[White "Gallart Zafra, Jaume"]
[Black "Humanes Bespin, Ivan"]
[Result "1-0"]
[WhiteElo "2267"]
[BlackElo "1933"]
[PlyCount "56"]
[EventDate "2013.10.16"]
[EventType "swiss"]
[EventRounds "9"]
[EventCountry "ESP"]
[SourceTitle "EXT 2015"]
[Source "ChessBase"]
[SourceDate "2014.11.20"]
[SourceVersion "1"]
[SourceVersionDate "2014.11.20"]
[SourceQuality "1"]

1. e4 d5 2. exd5 Qxd5 3. Nc3 Qa5 4. g3 Nf6 5. Bg2 c6 6. Nge2 e5 7. 0-0 Bg4 8. h3 Bh5 9. d4 Nbd7 10. Qe1 0-0-0 11. Be3 Bxe2 12. Qxe2 exd4 13. Bxd4 Bc5 14. Rfd1 Rhe8 15. Qf3 Bxd4 16. Rxd4 Qb6 17. Rad1 Nc5 18. Rxd8+ Rxd8 19. Rxd8+ Qxd8 20. Qe3 Qd6 21. b4 Ne6 22. b5 c5 23. Ne4 Qd1+ 24. Kh2 Nxe4 25. Qxe4 Qd7 26. Qxh7 Qd4 27. Qf5 Qd7 28. Qd5 Nd4 1-0